| 000 | 00393nam a22001698a 4500 | ||
|---|---|---|---|
| 020 | _a0070025223 : | ||
| 040 | _cDLC | ||
| 082 | 0 | _a617 MCG 1989 C150 Or. | |
| 100 | 1 | _aAriyan, Stephan, | |
| 245 | 1 | 4 | _aThe hand book / |
| 260 |
_aNew York : _bMcGraw-Hill, _cc1989 |
||
| 300 |
_axiii, 258 p. : _bill. ; _ccm |
||
| 500 | _aIncludes index | ||
| 650 | 0 | _aHand | |
| 650 | 2 | _aHand | |
| 942 | _cAEDBB | ||
| 999 |
_c18673 _d18673 |
||